[Event "CZE-ch I/176 corr"]
[Site "Czechia"]
[Date "2004.??.??"]
[Round "?"]
[White "Vacek, Frantisek"]
[Black "Fejfar, Vlastimil"]
[Result "1/2-1/2"]
[WhiteElo "1800"]
[BlackElo "2020"]
[PlyCount "65"]
[EventDate "2003.??.??"]
[EventType "tourn (corr)"]
[EventRounds "12"]
[EventCountry "CZE"]
[SourceTitle "Corr 2006"]
[Source "ChessBase"]
[SourceDate "2006.04.01"]
[SourceVersion "3"]
[SourceVersionDate "2006.04.01"]
[SourceQuality "1"]

1. d4 Nf6 2. c4 e6 3. Nc3 d5 4. Nf3 Be7 5. Bg5 Nbd7 6. e3 0-0 7. Bd3 dxc4 8. Bxc4 a6 9. Bd3 c5 10. 0-0 h6 11. Bxf6 Bxf6 12. Qc2 cxd4 13. Nxd4 Bxd4 14. exd4 Nf6 15. Rad1 Bd7 16. d5 exd5 17. Nxd5 Bg4 18. Nxf6+ Qxf6 19. f3 Be6 20. b3 Rfe8 21. Be4 Rac8 22. Qd2 Rcd8 23. Qf2 Bc8 24. Rd5 b5 25. a4 bxa4 26. bxa4 Qb2 27. Rfd1 Rxd5 28. Rxd5 Bb7 29. Qd4 Qxd4+ 30. Rxd4 Bxe4 31. Rxe4 Rxe4 32. fxe4 Kf8 33. Kf2 1/2-1/2